Seminario sobre mujer y desarrollo sostenible: memorias (Registro nro. 9141)

Detalles MARC
000 -CABECERA
Campo de control 005640000a22001810004500
090 ## - CLASIFICACIÓN LOCAL
Colección AR
Consecutivo 00038
041 0# - IDIOMA
Código de idioma para texto/pista de sonido o título separado
111 2# - ASIENTO PRINCIPAL--NOMBRE DE REUNION
Nombre de reunión o de jurisdicción como elemento de entrada Seminario sobre Mujer y Desarrollo Sostenible
Language of a work Santafé de Bogotá
Date of a work 1995
245 10 - MENCION DE TITULO
Título Seminario sobre mujer y desarrollo sostenible: memorias
650 14 - ASIENTO SECUNDARIO DE MATERIA - TERMINO TEMATICO
Término temático o nombre geográfico como elemento de entrada Mujer
650 14 - ASIENTO SECUNDARIO DE MATERIA - TERMINO TEMATICO
Término temático o nombre geográfico como elemento de entrada Medio ambiente
650 14 - ASIENTO SECUNDARIO DE MATERIA - TERMINO TEMATICO
Término temático o nombre geográfico como elemento de entrada Equidad de género
650 14 - ASIENTO SECUNDARIO DE MATERIA - TERMINO TEMATICO
Término temático o nombre geográfico como elemento de entrada Desarrollo sostenible
650 14 - ASIENTO SECUNDARIO DE MATERIA - TERMINO TEMATICO
Término temático o nombre geográfico como elemento de entrada Aspectos culturales
651 #4 - ASIENTO SECUNDARIO DE MATERIA - NOMBRE GEOGRAFICO
-- Colombia
773 1# - Item fuente:
Título Preprint
Especificación de materiales 3
Paginas del Articulo 1-29
Lugar, editorial y fecha de publicación 1995
942 ## - ELEMENTOS ADICIONALES (KOHA)
Tipo de ítem Artículo
Existencias
Withdrawn status Lost status Sistema de Clasificación Damaged status No para préstamo Colección Ubicación Permanente Ubicación actual Fecha de adquisición Total Checkouts Número topográfico Inventario / Código de Barras Date last seen Ejemplar Price effective from Tipo de material
    Dewey Decimal Classification   No para Préstamo Hemeroteca Bogotá Bogotá 27/02/2015   AR 00038 Fuera de circulación 010258 25/03/2015 1 25/03/2015 Artículo